Top Countries by Welsh population - Statistics

General Stats
  • This quiz has been taken 3,730 times
  • The average score is 9 of 10
Answer Stats
Population Answer % Correct
2,000,000 United States
98%
12,200 Ireland
97%
475,000 Canada
94%
610,000 England
94%
24,300 Scotland
93%
2,000,000 Wales
93%
126,000 Australia
89%
10,000 New Zealand
85%
8,250 Northern Ireland
73%
50,000 Argentina
53%
No matching quizzes found
Score Distribution
Percent of People with Each Score
Percentile by Number Answered
Your Score History
You have not taken this quiz